| 000 | 00434nam a2200157Ia 4500 | ||
|---|---|---|---|
| 999 |
_c22821 _d22821 |
||
| 003 | OSt | ||
| 005 | 20200519132516.0 | ||
| 008 | 190216s9999||||xx |||||||||||||| ||und|| | ||
| 040 | _coclc | ||
| 082 |
_a325.3 _bABO/M |
||
| 100 |
_aAboobacker, P _92440 |
||
| 245 | 0 |
_aMuqawama / _cP Aboobacker |
|
| 260 |
_bAlhuda Book Stall, _c2007. _aKozhikode: |
||
| 300 | _a170p | ||
| 942 |
_cBK _2ddc _h325.3 _iABO/M _k325.3 _mABO/M |
||